| 000 | 00781nam a2200133Ia 4500 | ||
|---|---|---|---|
| 008 | 220620s9999||||xx |||||||||||||| ||und|| | ||
| 022 | _a16648714 | ||
| 100 | _aRudiger J. Seitz||Bruno J. Weder||Roland Wiest | ||
| 245 | 0 | _aPrinciples Underlying Post-Stroke Recovery of Upper Extremity Sensorimotor Function - A Neuroimaging Perspective | |
| 546 | _aEnglish[eng] | ||
| 650 | _astroke recovery||Motor Imagery||structural covariance||Somatosensory Disorders||perilesional plasticity||network reorganization||multimodal neuroimaging||Neurorehabilitation||computational biophysical modeling||motor control | ||
| 856 | _uhttp://journal.frontiersin.org/researchtopic/2914/principles-underlying-post-stroke-recovery-of-upper-extremity-sensorimotor-function---a-neuroimaging | ||
| 942 | _cEB | ||
| 999 |
_c34117 _d34117 |
||